000 00580nam a22002057a 4500
005 20251108165503.0
008 250721s1992 xx 000 0 ara d
082 1 4 _aم/956.62/موس
100 1 _aعفيف، أحمد جابر
_eمعد
245 1 0 _aالموسوعة اليمنية /
264 1 _aصنعاء :
_bمؤسسة العفيف الثقافية،
_c1992.
300 _a
650 1 7 _aاليمن
650 1 7 _aالتاريخ
650 1 7 _aالموسوعات
650 1 7 _aالجغرافيا
650 1 7 _aالتراجم
942 _2ddc
_cREF
999 _c29065
_d29065